MDQL
is popping MORE tags! Check the
thread
!
Quizzes
Events
Quiz Creation
Community
Videos
Private Events
Remove Ads
Sign In
Join for FREE
Feedback
Dark Mode
Quiz Categories
Sports
Geography
Music
Movies
Television
Just For Fun
Miscellaneous
History
Literature
Language
Science
Gaming
Entertainment
Religion
Holiday
For Kids
Quiz Lab
Recent
Popular Today
Quiz Kudos Today
Editor Picks
Curator Picks
Quizzes by...
Day
Popularity
Type
Ratings
Length
Year
Community
Subscriptions
Recent Discussions
Orange Saloon
Badges
Playlists
Quests
Create
Leaderboards
Showdown
Live 5
Trivia Bingo
Activity
Puzzle Library
Sporcle Events
Private Events
Virtual Trivia
Globe League
Become a Host
Pub Owners
SporcleCon
Opinionation
Our Games
Videos
Blog
Mobile Apps
Partnerships
Remove Ads and Go Orange
Feedback
Gaming
Video Games
Board Games
Card Games
Pokémon
Mario
Nintendo
Minecraft
Console
Toys
Legend of Zelda
Gaming
Video Games
Board Games
Card Games
Pokémon
Mario
Nintendo
Minecraft
Console
Toys
Legend of Zelda
Random Quiz
Search Sporcle
×
Quiz Lab
Quiz Lab
Gaming
tribute
Type in answers that appear in a list
Type in answers that appear in a list
Classic
Best Score? Go Orange.
HGOFT Top Tributes Stats
Can you name the HGOFT Top Tributes?
By
hgoftumblr
20m
130 Questions
3 Plays
3 Plays
3 Plays
Comments
Comments
Give Quiz Kudos
Give Quiz Kudos
-
- Ratings
hide this ad
Replay
Link that replays current quiz
Next Quiz
Link to next quiz in quiz playlist
You Got
0%
They Got
Avg Score
34%
Avg Friend Score
Upgrade to see
Score Distribution
Jump to the score distribution portion of the page
Score
0/130
Timer
20:00
0
Plays Today
Games
Tribute
% Correct
HGOFT 11 (Night at the Museum)
AYERY
100%
HGOFT 11 (Night at the Museum)
AVERY
100%
HGOFT 1 (Eye of the Storm)
TYLER
66.7%
HGOFT 1 (Eye of the Storm)
VICTORIA
66.7%
HGOFT 1 (Eye of the Storm)
CONNOR
66.7%
HGOFT 1 (Eye of the Storm)
CARRERA
66.7%
HGOFT 1 (Eye of the Storm)
SILVER
66.7%
HGOFT 1 (Eye of the Storm)
SHUTTER
66.7%
HGOFT 2 (The Hourglass)
GIDGIT
66.7%
HGOFT 2 (The Hourglass)
KITTY
66.7%
HGOFT 2 (The Hourglass)
REIN
66.7%
HGOFT 2 (The Hourglass)
LIAM
66.7%
HGOFT 2 (The Hourglass)
COTTON
66.7%
HGOFT 2 (The Hourglass)
HANNAH
66.7%
HGOFT 2 (The Hourglass)
TRIXIE
66.7%
HGOFT 3 (The Windmill)
AZALEA
66.7%
HGOFT 3 (The Windmill)
NICO
66.7%
HGOFT 4 (The Canvass)
BRAMBLE
66.7%
HGOFT 4 (The Canvass)
ANDROMEDA
66.7%
HGOFT 4 (The Canvass)
TYBERIUS
66.7%
HGOFT 4 (The Canvass)
ALLI
66.7%
HGOFT 5 (Panem Shopping Center)
EVGENIA
66.7%
HGOFT 5 (Panem Shopping Center)
TALONT
66.7%
HGOFT 5 (Panem Shopping Center)
HAWK
66.7%
HGOFT 6 (Checkmate)
LEIF
66.7%
HGOFT 6 (Checkmate)
SVETLANA
66.7%
HGOFT 8 (Rapture)
INDIGO
66.7%
HGOFT 8 (Rapture)
GABRIEL
66.7%
HGOFT 8 (Rapture)
XANDRA
66.7%
HGOFT 8 (Rapture)
JACK
66.7%
HGOFT 8 (Rapture)
KVOTHE
66.7%
HGOFT 8 (Rapture)
COLD POP
66.7%
HGOFT 9 (Rising Sun)
NOIRE
66.7%
HGOFT 10 (Flight 815)
DAKOTA
66.7%
HGOFT 11 (Night at the Museum)
FIORE
66.7%
HGOFT 11 (Night at the Museum)
Q
66.7%
HGOFT 12 (Reverse Hunger Games)
JADA
66.7%
HGOFT 12 (Reverse Hunger Games)
REESE
66.7%
HGOFT 12 (Reverse Hunger Games)
BIRTHDAY
66.7%
HGOFT 13 (Down with the Ship)
MARZIPAN
66.7%
HGOFT 13 (Down with the Ship)
TWERK
66.7%
HGOFT 13 (Down with the Ship)
CRAMER
66.7%
HGOFT 1 (Eye of the Storm)
ANNIE
33.3%
HGOFT 1 (Eye of the Storm)
KATIE
33.3%
Games
Tribute
% Correct
HGOFT 1 (Eye of the Storm)
EDEN
33.3%
HGOFT 1 (Eye of the Storm)
STACEY
33.3%
HGOFT 2 (The Hourglass)
ARIANNA
33.3%
HGOFT 2 (The Hourglass)
KENDRA
33.3%
HGOFT 2 (The Hourglass)
TYIESHA
33.3%
HGOFT 3 (The Windmill)
KYANITE
33.3%
HGOFT 3 (The Windmill)
CICERO
33.3%
HGOFT 3 (The Windmill)
LUNA
33.3%
HGOFT 3 (The Windmill)
LIZZIE
33.3%
HGOFT 3 (The Windmill)
LYNN
33.3%
HGOFT 3 (The Windmill)
ELLA
33.3%
HGOFT 3 (The Windmill)
AXELLE
33.3%
HGOFT 3 (The Windmill)
EMBER
33.3%
HGOFT 4 (The Canvass)
VIOLET
33.3%
HGOFT 4 (The Canvass)
JUSTIN
33.3%
HGOFT 4 (The Canvass)
NAUSICAA
33.3%
HGOFT 4 (The Canvass)
GLEN COCO
33.3%
HGOFT 4 (The Canvass)
SAVANNAH
33.3%
HGOFT 4 (The Canvass)
LURA
33.3%
HGOFT 5 (Panem Shopping Center)
JADE
33.3%
HGOFT 5 (Panem Shopping Center)
TREASURE
33.3%
HGOFT 5 (Panem Shopping Center)
PHOENIX
33.3%
HGOFT 6 (Checkmate)
HELENA
33.3%
HGOFT 6 (Checkmate)
MINNIE
33.3%
HGOFT 6 (Checkmate)
FALLON
33.3%
HGOFT 7 (Paradiso y Inferno)
ZOE
33.3%
HGOFT 7 (Paradiso y Inferno)
DARISSE
33.3%
HGOFT 7 (Paradiso y Inferno)
BROGAN
33.3%
HGOFT 7 (Paradiso y Inferno)
DAICHI
33.3%
HGOFT 7 (Paradiso y Inferno)
QUEST
33.3%
HGOFT 7 (Paradiso y Inferno)
PALOMA
33.3%
HGOFT 8 (Rapture)
NERO
33.3%
HGOFT 8 (Rapture)
FLINT
33.3%
HGOFT 8 (Rapture)
QUAIL
33.3%
HGOFT 9 (Rising Sun)
EVA
33.3%
HGOFT 9 (Rising Sun)
MEDEA
33.3%
HGOFT 10 (Flight 815)
ITHURIEL
33.3%
HGOFT 10 (Flight 815)
MARBLE
33.3%
HGOFT 10 (Flight 815)
AMYTHESTTE
33.3%
HGOFT 10 (Flight 815)
RHEIA
33.3%
HGOFT 10 (Flight 815)
TINTIN
33.3%
HGOFT 11 (Night at the Museum)
ADDER
33.3%
HGOFT 11 (Night at the Museum)
HUNTER
33.3%
HGOFT 11 (Night at the Museum)
KEEPER
33.3%
Games
Tribute
% Correct
HGOFT 12 (Reverse Hunger Games)
LUX
33.3%
HGOFT 13 (Down with the Ship)
SPENCER
33.3%
HGOFT 13 (Down with the Ship)
POMPEII
33.3%
HGOFT 5 (Panem Shopping Center)
SCARLETT
0%
HGOFT 5 (Panem Shopping Center)
HARRY
0%
HGOFT 5 (Panem Shopping Center)
TEDDY
0%
HGOFT 5 (Panem Shopping Center)
ADRIANNA
0%
HGOFT 6 (Checkmate)
FALCON
0%
HGOFT 6 (Checkmate)
CRESSILIA
0%
HGOFT 6 (Checkmate)
KANTER
0%
HGOFT 6 (Checkmate)
DEANDRE
0%
HGOFT 6 (Checkmate)
ANSEL
0%
HGOFT 7 (Paradiso y Inferno)
MARINA
0%
HGOFT 7 (Paradiso y Inferno)
HEATHER
0%
HGOFT 7 (Paradiso y Inferno)
ALECTO
0%
HGOFT 7 (Paradiso y Inferno)
DESIREE
0%
HGOFT 8 (Rapture)
TABITHA
0%
HGOFT 9 (Rising Sun)
GAVIN
0%
HGOFT 9 (Rising Sun)
EURIDE
0%
HGOFT 9 (Rising Sun)
BRUCE
0%
HGOFT 9 (Rising Sun)
CALLA
0%
HGOFT 9 (Rising Sun)
ELVINA
0%
HGOFT 9 (Rising Sun)
ASHTON
0%
HGOFT 9 (Rising Sun)
HELIOS
0%
HGOFT 10 (Flight 815)
KESTREL
0%
HGOFT 10 (Flight 815)
BOONE
0%
HGOFT 10 (Flight 815)
POPPY
0%
HGOFT 10 (Flight 815)
MADISON
0%
HGOFT 11 (Night at the Museum)
CAENO
0%
HGOFT 11 (Night at the Museum)
JEMYNI
0%
HGOFT 11 (Night at the Museum)
SINEAD
0%
HGOFT 12 (Reverse Hunger Games)
MAX
0%
HGOFT 12 (Reverse Hunger Games)
KINDLE
0%
HGOFT 12 (Reverse Hunger Games)
KNOLL
0%
HGOFT 12 (Reverse Hunger Games)
JEANINE
0%
HGOFT 12 (Reverse Hunger Games)
HECATE
0%
HGOFT 12 (Reverse Hunger Games)
BEAT RICE
0%
HGOFT 13 (Down with the Ship)
OASIS
0%
HGOFT 13 (Down with the Ship)
SAZH
0%
HGOFT 13 (Down with the Ship)
FAUSTUS
0%
HGOFT 13 (Down with the Ship)
TEA
0%
HGOFT 13 (Down with the Ship)
MOLLY
0%
Quiz Playlist
Details
Report
Send in Message
Add To Playlist
Classic:
Type in answers that appear in a list
Last Updated: Feb 16, 2017
Quiz Scoreboard
CHALLENGE
Sign Up to Join the Scoreboard
Show All
Scores
Hide
Comments
May contain spoilers
Recently Published
5x2 Blitz: Bands
by SL_Kpop136
Music
30s
Colored Red Africa Blitz
by spor1
Geography
30s
Find the 'City' Movie
by crazypaving
Movies
60s
More to Explore
Quiz From the Vault
Featured Blog Post
14 Easter Pick-up Lines to Find Eggs With
hide this ad
You Might Also Like...
Tags
tribute
Today's Top Quizzes in Gaming
Browse Gaming
hide this ad
Today's Top Quizzes in tribute
Browse tribute
Top Contributed Quizzes in Gaming
1
Destiny 2 exotic weapons by perk icons
2
Legendary or Exotic?
3
Dead By Daylight Logic Puzzle
4
Genshin murder mystery
5
League of Legends Pro Players by Career/Team History
6
Overwatch Logic Puzzle
7
Stardew Mayhem 2: Electric Boogaloo
8
Windmill: Elements
9
Arcade Game Bunker
10
Valorant Utility Use (Up to Clove)
Explore More
Trending Topics
Anime
Marvel
Disney
Crossword
Kpop
Harry Potter
NBA
WWE
Soccer
Country
Pokémon
NFL
Puzzle
The Office
Song
hide this ad
More By:
hgoftumblr
Quiz
Plays
Rating
Category
Featured
Created
HGOFT 14 Sponsor Quiz
33
1.00
Language
Sep 10, 2012
HGOFT Top Tributes
3
1.00
Gaming
Sep 10, 2012
Name All Tributes
2
Literature
Jun 20, 2012
Go to Creator's Profile
Score Distribution
Quiz Creator Spotlight
hgoftumblr
Follow
Send a Message
Quizzes Created
-
Created Quiz Play Count
-
More By This Creator
Popular Quizzes Today
1
Find the 'City' Movie
2
5x2 Blitz: Bands
3
Colored Red Africa Blitz
4
The Countries of the World
5
Find the US States - No Outlines Minefield
6
Find the US States
7
9x9 Crossword: Cartoon Network
8
US States
More Gaming Quizzes
Can you name every FNaF character?
Quiz Lab
Trending Quizzes
Colored Red Africa Blitz II
Colored Red Europe Blitz I
Colored Red Africa Blitz III
Colored Red Europe Blitz II
Colored Red Europe Blitz III
Recently Updated
Champions League XIs: Real Madrid
pecheneg
Largest US Cities 1790-2010
pecheneg
Rides in Walt Disney World
pecheneg
Most Oscar Losses (Acting)
pecheneg
Beyoncé Albums
pecheneg
Leaping Animals
pecheneg
Reality TV Shows (A-Z)
bhenderson79
Rickey Henderson's Hall of Fame Teammates
pecheneg
Champions League XIs: Arsenal
pecheneg
Quick Pick: Celebrities in WWE's Hall of Fame
aduchscher
Trending Topics
Disney
Marvel
NBA
Harry Potter
Kpop
Anime
Crossword
Pokémon
NFL
Puzzle
Country
The Office
WWE
Soccer
Song
Your Account Isn't Verified!
In order to create a playlist on Sporcle, you need to verify the email address you used during registration. Go to your
Sporcle Settings
to finish the process.
Report this User
Report this user for behavior that violates our
Community Guidelines
.
Details:
Send Report
Go to the Sporcle.com Mobile Site →
Comments